| 000 | 01249nam a2200313Ia 4500 | ||
|---|---|---|---|
| 001 | ebr10635341 | ||
| 003 | CaPaEBR | ||
| 006 | m u | ||
| 007 | cr cn||||||||| | ||
| 008 | 121231s2012 dcua sb 000 0 eng d | ||
| 020 | _z9781475532586 (ebook) | ||
| 020 | _z9781475549218 | ||
| 040 |
_aCaPaEBR _cCaPaEBR |
||
| 035 | _a(OCoLC)814406168 | ||
| 050 | 1 | 4 |
_aHV40.8.K6 _bE44 2012eb |
| 100 | 1 | _aElekdag, Selim. | |
| 245 | 1 | 0 |
_aSocial spending in Korea _h[electronic resource] : _bcan it foster sustainable and inclusive growth? / _cSelim Elekdag. |
| 260 |
_aWashington, D.C. : _bInternational Monetary Fund, _c2012. |
||
| 300 |
_a20 p. : _bill. |
||
| 440 | 0 |
_aIMF working paper ; _vWP/12/250 |
|
| 504 | _aIncludes bibliographical references. | ||
| 533 |
_aElectronic reproduction. _bPalo Alto, Calif. : _cebrary, _d2013. _nAvailable via World Wide Web. _nAccess may be limited to ebrary affiliated libraries. |
||
| 650 | 0 |
_aHuman services _zKorea. |
|
| 651 | 0 |
_aKorea _xEconomic conditions. |
|
| 655 | 7 |
_aElectronic books. _2local |
|
| 710 | 2 | _aebrary, Inc. | |
| 710 | 2 | _aInternational Monetary Fund. | |
| 856 | 4 | 0 |
_uhttp://site.ebrary.com/lib/rucke/Doc?id=10635341 _zAn electronic book accessible through the World Wide Web; click to view |
| 999 |
_c46418 _d46418 |
||